| 000 | 00412nam a22001577a 4500 | ||
|---|---|---|---|
| 003 | SGT | ||
| 020 | _a9789382428909 | ||
| 082 |
_a610.734 _bC15V |
||
| 100 | _aVERMA, SUNIL | ||
| 245 | _aCLINICAL / PRACTICAL EXPERIENCE LOGBOOK FOR NURSING COMMUNITY HEALTH NURSING | ||
| 250 | _a1ST | ||
| 260 |
_aINDIA _bKUMAR PUBLISHING HOUSE _c2015 |
||
| 300 | _a40 | ||
| 650 | _aCOMMUNITY HEALTH NURSING | ||
| 942 |
_2ddc _cBK |
||
| 999 |
_c21368 _d21368 |
||